| 000 | 00748nam a22002177a 4500 | ||
|---|---|---|---|
| 999 |
_c9476 _d9476 |
||
| 003 | AR-CdUCM | ||
| 008 | 190328b ||||| |||| 00| 0 spa d | ||
| 040 |
_aMUNICIPALIDAD PROVINCIAL DEL CUSCO _cBIBLIOTECA MUNICIPAL DEL CUSCO |
||
| 082 |
_a616.85 / _bAL35 |
||
| 100 |
_aAlayza Escardo, Francisco _925690 |
||
| 245 |
_aHistoria de la Neurologia en el Perú : _bBibliografia Neutológica del Perú / |
||
| 260 |
_aLima : _bMinerva, _c1972. |
||
| 300 |
_a303 paginas ; _c25 cm. |
||
| 505 | _aContenido: Epoca Incaica -- Cronistas -- Craneologia -- Epoca colonial -- epoca republicana... | ||
| 650 |
_aColonial _910490 |
||
| 650 |
_aPatologia _98286 |
||
| 650 |
_aPerú _935 |
||
| 650 |
_aRepublicana _925691 |
||
| 942 |
_2ddc _cLIBROS |
||
| 945 | _apjha | ||